Tropical rainforests / (Record no. 7502)

MARC details
000 -LEADER
fixed length control field 01005nam a22002897a 4500
001 - CONTROL NUMBER
control field 7502
003 - CONTROL NUMBER IDENTIFIER
control field FISKH
005 - DATE AND TIME OF LATEST TRANSACTION
control field 20250829142735.0
008 - FIXED-LENGTH DATA ELEMENTS--GENERAL INFORMATION
fixed length control field 250722b cb ||||| |||| 00| 0 eng d
020 ## - INTERNATIONAL STANDARD BOOK NUMBER
International Standard Book Number 9780531281031
040 ## - CATALOGING SOURCE
Original cataloging agency FISKH
Language of cataloging eng
Transcribing agency FISKH
Modifying agency FISKH
050 ## - LIBRARY OF CONGRESS CALL NUMBER
Classification number QH541.R27 B44
082 ## - DEWEY DECIMAL CLASSIFICATION NUMBER
Classification number 577.34
100 ## - MAIN ENTRY--PERSONAL NAME
Personal name Benoit, Peter
245 ## - TITLE STATEMENT
Title Tropical rainforests /
Statement of responsibility, etc. By Peter Benoit
260 ## - PUBLICATION, DISTRIBUTION, ETC.
Place of publication, distribution, etc. New York :
Name of publisher, distributor, etc. Children's Press ,
Date of publication, distribution, etc. 2011.
300 ## - PHYSICAL DESCRIPTION
Extent 48 pages :
Other physical details color illustrations ;
Dimensions 22 cm .
490 ## - SERIES STATEMENT
Series statement A ture book
505 ## - FORMATTED CONTENTS NOTE
Formatted contents note R <br/>
520 ## - SUMMARY, ETC.
Summary, etc. Explains what tropical rain forests are like, looks at the plants and animals that live in rain forests, and includes information on why tropical rain forests are important and what is being done to save them.
521 8# - TARGET AUDIENCE NOTE
Target audience note 730 <br/>
Source Lexile <br/>
521 8# - TARGET AUDIENCE NOTE
Target audience note R <br/>
Source Raz-Plus <br/>
650 ## - SUBJECT ADDED ENTRY--TOPICAL TERM
Topical term or geographic name entry element Rain forest ecology
Form subdivision Juvenile Literature
650 ## - SUBJECT ADDED ENTRY--TOPICAL TERM
Topical term or geographic name entry element Rain forests
Form subdivision Juvenile Literature
942 ## - ADDED ENTRY ELEMENTS (KOHA)
Source of classification or shelving scheme Dewey Decimal Classification
Koha item type Books
Suppress in OPAC No
Holdings
Withdrawn status Lost status Source of classification or shelving scheme Damaged status Not for loan Collection Home library Current library Shelving location Date acquired Total Checkouts Full call number Barcode Date last seen Price effective from Koha item type Copy number
    Dewey Decimal Classification     Non-Fiction Footprints International School Library Network Toul Tom Poung Campus Footprints International School Library Network Toul Tom Poung Campus TTP Primary Orange Bookshelves 07/22/2025   BEN 577.34 QH541.R27 B44 FISTK01253 07/22/2025 07/22/2025 Books  
    Dewey Decimal Classification     Non-Fiction Footprints International School Library Network Toul Tom Poung Campus Footprints International School Library Network Toul Tom Poung Campus TTP Primary Orange Bookshelves 08/29/2025   BEN 577.34 QH541.R27 B44 FIS04581 08/29/2025 08/29/2025 Books 2